[Event "BCF-chT3 1011 (4NCL)"]
[Site "England"]
[Date "2011.05.01"]
[Round "10.34"]
[White "Smith, Graham M"]
[Black "Buchkremer, Felix"]
[Result "1/2-1/2"]
[WhiteElo "2093"]
[BlackElo "2082"]
[PlyCount "69"]
[EventDate "2010.11.06"]
[EventType "team-swiss"]
[EventRounds "9"]
[EventCountry "ENG"]
[SourceTitle "EXT 2012"]
[Source "ChessBase"]
[SourceDate "2011.11.24"]
[SourceVersion "1"]
[SourceVersionDate "2011.11.24"]
[SourceQuality "1"]
[WhiteTeam "FCA Solutions"]
[BlackTeam "Wessex II"]
[WhiteTeamCountry "ENG"]
[BlackTeamCountry "ENG"]

1. e4 e6 2. b3 b6 3. Bb2 Bb7 4. d3 d5 5. Nd2 Nf6 6. e5 Nfd7 7. Qg4 c5 8. f4 Nc6 9. Be2 Qc7 10. c3 0-0-0 11. Ngf3 Re8 12. 0-0 f5 13. Qg3 g6 14. d4 cxd4 15. cxd4 Kb8 16. Rfc1 a6 17. a3 b5 18. Qf2 Be7 19. Ne1 g5 20. Nd3 gxf4 21. Bh5 Rc8 22. Nxf4 Nf8 23. Nf3 h6 24. h4 Bd8 25. Kh2 Qg7 26. Qg3 Rg8 27. Qxg7 Rxg7 28. b4 Bg5 29. g3 Bxf4 30. gxf4 Nd7 31. Rg1 Rcg8 32. Rxg7 Rxg7 33. Rg1 Rxg1 34. Kxg1 Nb6 35. Be8 1/2-1/2

[Event "Leverkusen Bayer op 9th"]
[Site "Leverkusen"]
[Date "2011.03.28"]
[Round "6"]
[White "Wolfradt, Dirk"]
[Black "Buchkremer, Felix"]
[Result "1-0"]
[WhiteElo "2182"]
[BlackElo "2086"]
[PlyCount "21"]
[EventDate "2011.01.10"]
[EventType "swiss"]
[EventRounds "7"]
[EventCountry "GER"]
[SourceTitle "EXT 2012"]
[Source "ChessBase"]
[SourceDate "2011.11.24"]
[SourceVersion "1"]
[SourceVersionDate "2011.11.24"]
[SourceQuality "1"]

1. e4 e6 2. d4 d5 3. Nd2 Nf6 4. e5 Nfd7 5. Bd3 c5 6. c3 Nc6 7. Ngf3 a6 8. Qe2 Be7 9. a3 f6 10. Nh4 f5 11. Qh5+ 1-0

[Event "Leverkusen Bayer op 9th"]
[Site "Leverkusen"]
[Date "2011.02.21"]
[Round "4"]
[White "Ziabari, Morteza"]
[Black "Buchkremer, Felix"]
[Result "0-1"]
[WhiteElo "1923"]
[BlackElo "2086"]
[PlyCount "60"]
[EventDate "2011.01.10"]
[EventType "swiss"]
[EventRounds "7"]
[EventCountry "GER"]
[SourceTitle "EXT 2012"]
[Source "ChessBase"]
[SourceDate "2011.11.24"]
[SourceVersion "1"]
[SourceVersionDate "2011.11.24"]
[SourceQuality "1"]

1. e4 e6 2. d4 d5 3. e5 c5 4. c3 Nc6 5. Nf3 Nh6 6. Bd3 cxd4 7. cxd4 f6 8. Bxh6 gxh6 9. Nc3 Bg7 10. 0-0 0-0 11. Re1 Bd7 12. Qb1 f5 13. a3 Be8 14. Nb5 Bh5 15. Re3 Kh8 16. Bc2 a6 17. Nd6 Bxf3 18. Rxf3 Nxd4 19. Re3 f4 20. Rh3 Qg5 21. Bxh7 f3 22. Qg6 Ne2+ 23. Kf1 Qxg6 24. Bxg6 Nf4 25. Rg3 fxg2+ 26. Ke1 Nxg6 27. Rxg6 Bxe5 28. Ke2 Bxd6 29. Rg1 Kh7 30. Rxe6 Rae8 0-1

[Event "Arctic Chess Challenge"]
[Site "Tromsoe"]
[Date "2010.08.07"]
[Round "8"]
[White "Monsoy, Arild Edin"]
[Black "Buchkremer, Felix"]
[Result "1-0"]
[WhiteElo "1961"]
[BlackElo "2090"]
[PlyCount "91"]
[EventDate "2010.07.31"]
[EventType "swiss"]
[EventRounds "9"]
[EventCountry "NOR"]
[SourceTitle "CBM 137 Extra"]
[Source "ChessBase"]
[SourceDate "2010.09.01"]
[SourceVersion "1"]
[SourceVersionDate "2010.09.01"]
[SourceQuality "1"]

1. d4 f5 2. c4 Nf6 3. Nc3 d6 4. g3 g6 5. Bg2 Bg7 6. Nh3 0-0 7. 0-0 e5 8. e3 h6 9. f3 Nc6 10. d5 Ne7 11. Nf2 Bd7 12. Rb1 g5 13. f4 e4 14. Ne2 g4 15. b3 h5 16. Bb2 Ng6 17. Re1 h4 18. Qc2 Kh7 19. Nd1 Rh8 20. Kf2 Qe7 21. Ndc3 a6 22. Rbd1 Kg8 23. b4 Kf7 24. Ba3 Rh6 25. c5 Rah8 26. Qb3 b6 27. cxb6 cxb6 28. b5 a5 29. Na4 Rb8 30. Rc1 Ne8 31. Bb2 hxg3+ 32. hxg3 Rh2 33. Rh1 Rxh1 34. Rxh1 Nf8 35. Nd4 Kg6 36. Rc1 Qf7 37. Bf1 Nh7 38. Nc6 Bxc6 39. Rxc6 Bxb2 40. Nxb2 Nhf6 41. Nc4 Qxd5 42. Nxb6 Qd2+ 43. Be2 a4 44. Qe6 Rd8 45. Nc8 Ng7 46. Ne7+ 1-0

[Event "Arctic Chess Challenge"]
[Site "Tromsoe"]
[Date "2010.08.05"]
[Round "6"]
[White "Salvesen, Bjorn"]
[Black "Buchkremer, Felix"]
[Result "0-1"]
[WhiteElo "1791"]
[BlackElo "2090"]
[PlyCount "154"]
[EventDate "2010.07.31"]
[EventType "swiss"]
[EventRounds "9"]
[EventCountry "NOR"]
[SourceTitle "CBM 137 Extra"]
[Source "ChessBase"]
[SourceDate "2010.09.01"]
[SourceVersion "1"]
[SourceVersionDate "2010.09.01"]
[SourceQuality "1"]

1. f4 d5 2. Nf3 Bg4 3. e3 Nd7 4. h3 Bxf3 5. Qxf3 e5 6. Nc3 e4 7. Qg3 Ngf6 8. Be2 Bd6 9. Nb5 Be7 10. b3 Nh5 11. Nxc7+ Kf8 12. Qh2 Bh4+ 13. Kd1 Bg3 14. Qg1 Qxc7 15. Bxh5 Rc8 16. c3 g6 17. Be2 h5 18. Bb2 Rh7 19. Rc1 Qa5 20. Kc2 f5 21. Kb1 Nb8 22. Qd1 Nc6 23. b4 Qd8 24. Qb3 Rd7 25. Qd1 Rdc7 26. Bxh5 gxh5 27. Qxh5 Qf6 28. c4 d4 29. exd4 Nxd4 30. Bxd4 Qxd4 31. Qxf5+ Kg8 32. Qg4+ Qg7 33. Qe6+ Qf7 34. Qg4+ Qg7 35. Qe6+ Kh8 36. Qxe4 Qh7 37. Qxh7+ Kxh7 38. d3 Re7 39. Rhf1 Re3 40. Rcd1 Re2 41. Rf3 Rxg2 42. Kc1 Re8 43. Rd2 Re1+ 44. Kc2 Rgg1 45. b5 Rb1 46. d4 Rgc1+ 47. Kd3 Be1 48. Rc2 Rd1+ 49. Ke4 Bh4 50. Rb3 Re1+ 51. Kd5 Rbd1 52. c5 Bf6 53. Rb4 Re8 54. c6 Bxd4 55. Rxd4 Rd8+ 56. Ke6 R1xd4 57. cxb7 Re8+ 58. Kf5 Rd5+ 59. Kf6 Rb8 60. Rc7+ Kg8 61. a4 Rf8+ 62. Ke6 Rdd8 63. f5 Rfe8+ 64. Kf6 Rf8+ 65. Kg6 Rd6+ 66. Kg5 Rd5 67. Kg6 Rd6+ 68. Kg5 Rdf6 69. Rc8 Rxf5+ 70. Kg6 R5f6+ 71. Kg5 Rb6 72. Rc7 a6 73. bxa6 Rxa6 74. Rc8 Rb6 75. Rc7 Re8 76. a5 Rb5+ 77. Kg6 Re6# 0-1

[Event "Arctic Chess Challenge"]
[Site "Tromsoe"]
[Date "2010.07.31"]
[Round "1"]
[White "Buchkremer, Felix"]
[Black "Bykhovsky, Anatoly"]
[Result "0-1"]
[WhiteElo "2090"]
[BlackElo "2487"]
[PlyCount "84"]
[EventDate "2010.07.31"]
[EventType "swiss"]
[EventRounds "9"]
[EventCountry "NOR"]
[SourceTitle "CBM 137 Extra"]
[Source "ChessBase"]
[SourceDate "2010.09.01"]
[SourceVersion "1"]
[SourceVersionDate "2010.09.01"]
[SourceQuality "1"]

1. e4 c5 2. c3 Nf6 3. e5 Nd5 4. Bc4 Nb6 5. Bb3 d5 6. exd6 Qxd6 7. Nf3 Nc6 8. Na3 Be6 9. d4 cxd4 10. Nb5 Qd7 11. Bxe6 Qxe6+ 12. Be3 Qd7 13. Nbxd4 Nxd4 14. Qxd4 Qxd4 15. Bxd4 f6 16. 0-0-0 e5 17. Rhe1 Be7 18. Bxb6 axb6 19. a3 Rd8 20. Rxd8+ Kxd8 21. Rd1+ Kc7 22. Ne1 Bc5 23. Nd3 Bd6 24. Nb4 e4 25. h3 f5 26. Kd2 Bxb4 27. axb4 Rd8+ 28. Ke2 Rxd1 29. Kxd1 Kd6 30. Ke2 g5 31. Ke3 Kd5 32. b3 Ke5 33. g3 f4+ 34. Ke2 b5 35. Kd2 e3+ 36. Ke2 exf2 37. Kxf2 h5 38. gxf4+ Kxf4 39. c4 Ke4 40. cxb5 b6 41. Kg3 Ke3 42. Kg2 h4 0-1

[Event "BCF-chT2d 0809 (4NCL) Demotion pool"]
[Site "Hinckley Island"]
[Date "2009.05.03"]
[Round "10.3"]
[White "Reuben, Stewart"]
[Black "Buchkremer, Felix"]
[Result "1/2-1/2"]
[WhiteElo "2102"]
[BlackElo "2076"]
[PlyCount "81"]
[EventDate "2008.10.04"]
[EventType "team-tourn"]
[EventRounds "4"]
[EventCountry "ENG"]
[SourceTitle "EXT 2010"]
[Source "ChessBase"]
[SourceDate "2010.11.25"]
[SourceVersion "1"]
[SourceVersionDate "2010.11.25"]
[SourceQuality "1"]
[WhiteTeam "FCA Solutions"]
[BlackTeam "Wessex II"]
[WhiteTeamCountry "ENG"]
[BlackTeamCountry "ENG"]

1. c4 f5 2. Nc3 Nf6 3. g3 g6 4. Bg2 Bg7 5. d4 d6 6. Nh3 0-0 7. Nf4 Na6 8. 0-0 e5 9. dxe5 dxe5 10. Qxd8 Rxd8 11. Nfd5 Re8 12. Bg5 Nxd5 13. Nxd5 h6 14. Ne7+ Kh7 15. Nxc8 e4 16. Be3 Raxc8 17. Rad1 Rcd8 18. b3 c5 19. Rd5 Rxd5 20. cxd5 b6 21. Rd1 Be5 22. f3 exf3 23. Bxf3 Bd6 24. Bf4 Rd8 25. Kf2 Kg7 26. Ke3 Nb4 27. Rd2 Kf6 28. a3 Bxf4+ 29. gxf4 Na6 30. Kd3 Nc7 31. Kc4 Ne8 32. Kb5 Nd6+ 33. Ka6 Rd7 34. a4 g5 35. e3 g4 36. Bg2 Ke7 37. Re2 Ne8 38. Kb5 Nd6+ 39. Ka6 Ne8 40. Kb5 Nd6+ 41. Ka6 1/2-1/2

[Event "BCF-chT2a 0809 (4NCL)"]
[Site "Hinckley Island"]
[Date "2008.12.07"]
[Round "4.3"]
[White "Gregory, Stephen J"]
[Black "Buchkremer, Felix"]
[Result "1-0"]
[WhiteElo "2187"]
[BlackElo "2081"]
[PlyCount "87"]
[EventDate "2008.10.04"]
[EventType "team-tourn"]
[EventRounds "7"]
[EventCountry "ENG"]
[SourceTitle "EXT 2010"]
[Source "ChessBase"]
[SourceDate "2010.11.25"]
[SourceVersion "1"]
[SourceVersionDate "2010.11.25"]
[SourceQuality "1"]
[WhiteTeam "Anglian Avengers"]
[BlackTeam "Wessex II"]
[WhiteTeamCountry "ENG"]
[BlackTeamCountry "ENG"]

1. e4 e6 2. d3 d5 3. Nd2 Nf6 4. g3 b6 5. Bg2 Nc6 6. Ngf3 dxe4 7. Ng5 Bb7 8. Ndxe4 Nxe4 9. Bxe4 h6 10. Nh3 Qd7 11. 0-0 0-0-0 12. Be3 f5 13. Bg2 g5 14. Qh5 Bg7 15. c3 e5 16. f4 Qxd3 17. Rae1 exf4 18. gxf4 g4 19. Nf2 Qd7 20. Qg6 Rdf8 21. Rd1 Qf7 22. Qxf7 Rxf7 23. Bd5 Re7 24. Bc1 Rhe8 25. Nh1 Nd8 26. Ng3 Rf8 27. Bc4 a6 28. a4 c6 29. Bd3 Ref7 30. Be3 Kc7 31. a5 c5 32. axb6+ Kxb6 33. Bxf5 Bf3 34. Rd6+ Nc6 35. Rg6 Kc7 36. Bxc5 Rd8 37. Be6 Rfd7 38. Bxd7 Rxd7 39. Nf5 Be4 40. Rxg7 Bxf5 41. Rxd7+ Kxd7 42. Rd1+ Kc7 43. Rd5 Na5 44. Rxf5 1-0

[Event "Leverkusen-ch op"]
[Site "Leverkusen"]
[Date "2008.03.10"]
[Round "5"]
[White "Buchkremer, Felix"]
[Black "Weiler, Wolfgang"]
[Result "1/2-1/2"]
[WhiteElo "2036"]
[BlackElo "2170"]
[PlyCount "47"]
[EventDate "2008.01.14"]
[EventType "swiss"]
[EventRounds "7"]
[EventCountry "GER"]
[SourceTitle "EXT 2010"]
[Source "ChessBase"]
[SourceDate "2010.11.25"]
[SourceVersion "1"]
[SourceVersionDate "2010.11.25"]
[SourceQuality "1"]

1. e4 c5 2. c3 g6 3. d4 cxd4 4. cxd4 d5 5. exd5 Nf6 6. Bb5+ Nbd7 7. Nc3 Bg7 8. d6 exd6 9. Qe2+ Qe7 10. Bf4 Qxe2+ 11. Ngxe2 Ke7 12. 0-0 a6 13. Ba4 Nb6 14. Bb3 Be6 15. d5 Nfxd5 16. Nxd5+ Nxd5 17. Bxd5 Bxd5 18. Rad1 Bc4 19. Bxd6+ Kf6 20. Rfe1 Rhe8 21. Ng3 Bh6 22. f4 Kg7 23. Ne4 f6 24. g4 1/2-1/2

[Event "Leverkusen-ch op"]
[Site "Leverkusen"]
[Date "2008.01.28"]
[Round "2"]
[White "Cordts, Ingo"]
[Black "Buchkremer, Felix"]
[Result "1-0"]
[WhiteElo "2248"]
[BlackElo "2036"]
[PlyCount "47"]
[EventDate "2008.01.14"]
[EventType "swiss"]
[EventRounds "7"]
[EventCountry "GER"]
[SourceTitle "EXT 2010"]
[Source "ChessBase"]
[SourceDate "2010.11.25"]
[SourceVersion "1"]
[SourceVersionDate "2010.11.25"]
[SourceQuality "1"]

1. Nf3 f5 2. d3 Nc6 3. e4 e5 4. Nc3 Nf6 5. exf5 d5 6. Nh4 Be7 7. g4 d4 8. g5 dxc3 9. gxf6 Bxf6 10. Qh5+ Kd7 11. Rg1 Qe8 12. Qf3 e4 13. dxe4 Qe5 14. Bf4 Qa5 15. 0-0-0+ Ke7 16. e5 Nxe5 17. Bxe5 Qxe5 18. Bc4 Kf8 19. Rge1 Qc5 20. Qh5 g6 21. Nxg6+ Kg7 22. Rg1 Bxf5 23. Ne5+ Bg6 24. Rxg6+ 1-0

[Event "Leverkusen-ch op"]
[Site "Leverkusen"]
[Date "2007.01.29"]
[Round "3"]
[White "Buchkremer, Felix"]
[Black "Proba, Stefan"]
[Result "1-0"]
[WhiteElo "2071"]
[BlackElo "1845"]
[PlyCount "61"]
[EventDate "2007.01.08"]
[EventType "swiss"]
[EventRounds "7"]
[EventCountry "GER"]
[SourceTitle "EXT 2008"]
[Source "ChessBase"]
[SourceDate "2007.11.25"]
[SourceVersion "1"]
[SourceVersionDate "2007.11.25"]
[SourceQuality "1"]

1. e4 c6 2. d4 d5 3. exd5 cxd5 4. c4 Nf6 5. Nc3 Nc6 6. Nf3 Bg4 7. cxd5 Nxd5 8. Qb3 Bxf3 9. gxf3 Nb6 10. Be3 e6 11. 0-0-0 Be7 12. d5 exd5 13. Nxd5 Nxd5 14. Rxd5 Qc7 15. Kb1 0-0 16. f4 Rad8 17. Bg2 Rxd5 18. Bxd5 Na5 19. Qa4 b6 20. Rc1 Qd6 21. Rd1 Qb8 22. b4 Nb7 23. Qd7 Qd6 24. Bxf7+ Rxf7 25. Rxd6 Nxd6 26. Qxa7 Nc4 27. Qa8+ Bf8 28. Qd5 Nxe3 29. fxe3 g6 30. a3 Kg7 31. Qd4+ 1-0

[Event "Dortmund op-A"]
[Site "Dortmund"]
[Date "2005.07.12"]
[Round "5"]
[White "Buchkremer, Felix"]
[Black "Ebert, Manuel"]
[Result "0-1"]
[WhiteElo "2023"]
[BlackElo "2064"]
[PlyCount "74"]
[EventDate "2005.07.08"]
[EventType "swiss"]
[EventRounds "9"]
[EventCountry "GER"]
[SourceTitle "CBM 107 Extra"]
[Source "ChessBase"]
[SourceDate "2005.09.01"]
[SourceVersion "1"]
[SourceVersionDate "2005.09.01"]
[SourceQuality "1"]

1. e4 c5 2. c3 Nf6 3. e5 Nd5 4. d4 cxd4 5. Nf3 e6 6. cxd4 b6 7. Bc4 Bb7 8. 0-0 Qc7 9. Qe2 d6 10. Nbd2 Nd7 11. exd6 Bxd6 12. Ne4 0-0 13. Nxd6 Qxd6 14. Ne5 N7f6 15. Bd2 Ne7 16. Rad1 Nf5 17. Bf4 Nd5 18. Bg3 Qe7 19. Bd3 Rfe8 20. Bb5 Rec8 21. Bd3 Nb4 22. Bb1 Ba6 23. Qg4 Bxf1 24. Kxf1 Qf6 25. Bf4 Nd5 26. Kg1 Nxf4 27. Qxf4 Rd8 28. g4 Ne7 29. Qg3 h6 30. h4 Nd5 31. h5 Qf4 32. Qd3 Nf6 33. Kf1 Rac8 34. a3 Rc1 35. Ba2 Rxd4 36. Qxd4 Qxd4 37. Rxc1 Qxe5 0-1

[Event "Duisburg Grossenbaum op"]
[Site "Duisburg"]
[Date "2005.05.14"]
[Round "2"]
[White "Kaufeld, Juergen"]
[Black "Buchkremer, Felix"]
[Result "1/2-1/2"]
[WhiteElo "2265"]
[BlackElo "2023"]
[PlyCount "24"]
[EventDate "2005.05.13"]
[EventType "swiss"]
[EventRounds "7"]
[EventCountry "GER"]
[SourceTitle "EXT 2006"]
[Source "ChessBase"]
[SourceDate "2005.11.24"]
[SourceVersion "1"]
[SourceVersionDate "2005.11.24"]
[SourceQuality "1"]

1. e4 e6 2. d4 d5 3. Nc3 Bb4 4. Nge2 Nc6 5. a3 Ba5 6. b4 Bb6 7. Bb2 Nge7 8. Na4 0-0 9. Nxb6 axb6 10. e5 f6 11. Ng3 fxe5 12. dxe5 Ng6 1/2-1/2